ജസ്റ്റിസ് ഫാത്തിമാബീവി : നീതിയുടെ ധീരസഞ്ചാരം / (Record no. 178222)
[ view plain ]
| 000 -LEADER | |
|---|---|
| fixed length control field | 00671nam a2200169 4500 |
| 010 ## - LCCN (DPL NO) | |
| LC control number | MAL 9246 |
| 020 ## - INTERNATIONAL STANDARD BOOK NUMBER | |
| International Standard Book Number | 978-93-89869-15-6 |
| Terms of availability | 300.00 |
| 035 ## - SYSTEM CONTROL NUMBER | |
| System control number | MA-8703 |
| 037 ## - SOURCE OF ACQUISITION | |
| Stock number | DBAD/PUB |
| 082 ## - DEWEY DECIMAL CLASSIFICATION NUMBER | |
| Classification number | 920 |
| 100 ## - MAIN ENTRY--PERSONAL NAME | |
| Personal name | അഷ്റഫ്, കെ.ടി. |
| 245 ## - TITLE STATEMENT | |
| Title | ജസ്റ്റിസ് ഫാത്തിമാബീവി : നീതിയുടെ ധീരസഞ്ചാരം / |
| Statement of responsibility, etc | കെ.ടി. അഷ്റഫ് |
| 260 ## - PUBLICATION, DISTRIBUTION, ETC. (IMPRINT) | |
| Place of publication, distribution, etc | Kozhikode |
| Name of publisher, distributor, etc | മാതൃഭൂമി ബുക്ക്സ് |
| Date of publication, distribution, etc | 2020 |
| 270 ## - ADDRESS | |
| Address | MM Press, Cherootty Road, Kozhikode-673001 |
| 300 ## - PHYSICAL DESCRIPTION | |
| Extent | 271p. |
| Other physical details | 22cm. |
| 942 ## - ADDED ENTRY ELEMENTS (KOHA) | |
| Source of classification or shelving scheme | Dewey Decimal Classification |
| Item type | Malayalam Bks |
| Classification part | 920 |
| Call number suffix | അഷ്റ |
| Withdrawn status | Lost status | Not for loan | Collection code | Home library | Current library | Date acquired | Cost, normal purchase price | Full call number | Barcode | Copy number | Cost, replacement price | Koha item type |
|---|---|---|---|---|---|---|---|---|---|---|---|---|
| Non-fiction | D.B.Act.Division | D.B.Act.Division | 22/03/2021 | 300.00 | 920 അഷ്റ | MA-8703 | 1 | 300.00 | Malayalam Bks |
